000 00257nam a2200121Ia 4500
082 _a615.4
_bP15A
100 _aACHAYULU, G.V.R.
245 _aPHARMACY ADMINISTRATION
260 _bCBS- DELHI
300 _a185
650 _aADMINISTRATIION
942 _2ddc
_cBK
999 _c7170
_d7170